[Event "P-4815"]
[White "Caprioli, Vincenzo"]
[Black "Butcher Sr, Robert Evan"]
[Site "IECC email"]
[Round "?"]
[Result "1-0"]
[Date "2013.02.17"]
[WhiteElo "998"]
[BlackElo "1085"]
[PlyCount "35"]
[EventDate "2013.??.??"]
[EventType "tourn (corr)"]
[SourceTitle "Corr 2020"]
[Source "ChessBase"]
[SourceDate "2019.09.30"]
[SourceVersion "1"]
[SourceVersionDate "2019.09.30"]
[SourceQuality "1"]
[WhiteTeam "Italy"]
[BlackTeam "United States"]
[WhiteTeamCountry "ITA"]
[BlackTeamCountry "USA"]

1. e4 c5 2. Nf3 Nc6 3. d4 cxd4 4. Nxd4 e5 5. Nb5 Qa5+ 6. Bd2 Qd8 7. N1c3 a6 8. Na3 Nf6 9. Bg5 Be7 10. Qd2 b5 11. 0-0-0 b4 12. Bxf6 Bxf6 13. Nc4 bxc3 14. Qxc3 0-0 15. Nd6 Qb6 16. Bc4 Nd4 17. Nxc8 Nf5 18. Nxb6 1-0

[Event "P-4727"]
[White "Caprioli, Vincenzo"]
[Black "Foletta, Ian"]
[Site "IECC email"]
[Round "?"]
[Result "1-0"]
[Date "2011.12.04"]
[WhiteElo "1008"]
[BlackElo "1025"]
[PlyCount "47"]
[EventDate "2011.??.??"]
[EventType "tourn (corr)"]
[SourceTitle "Telechess CBM 165"]
[Source "ChessBase"]
[SourceDate "2015.03.11"]
[SourceVersion "1"]
[SourceVersionDate "2015.03.11"]
[SourceQuality "1"]
[WhiteTeam "Italy"]
[BlackTeam "Australia"]
[WhiteTeamCountry "ITA"]
[BlackTeamCountry "AUS"]

1. e4 e5 2. Nf3 Nc6 3. Bb5 a6 4. Ba4 Nf6 5. 0-0 Be7 6. Re1 b5 7. Bb3 0-0 8. h3 Bb7 9. d3 Re8 10. Nc3 Na5 11. Nxe5 Nxb3 12. axb3 d5 13. exd5 Nxd5 14. Nxd5 Qxd5 15. Nf3 Rad8 16. Bf4 Rd7 17. Qd2 g6 18. Re3 Red8 19. c4 bxc4 20. bxc4 Qf5 21. Bh2 Bc5 22. g4 Qf6 23. Kg2 Qxf3+ 24. Rxf3 1-0

[Event "IECC KO-1080"]
[White "Reni, Norbert"]
[Black "Caprioli, Vincenzo"]
[Site "IECC email"]
[Round "?"]
[Result "1-0"]
[Date "2010.06.12"]
[WhiteElo "1182"]
[BlackElo "965"]
[PlyCount "75"]
[EventDate "2010.??.??"]
[EventType "match (corr)"]
[EventRounds "2"]
[SourceTitle "Telechess CBM 149"]
[Source "ChessBase"]
[SourceDate "2012.07.17"]
[SourceVersion "1"]
[SourceVersionDate "2012.07.17"]
[SourceQuality "1"]
[WhiteTeam "Australia"]
[BlackTeam "Italy"]
[WhiteTeamCountry "AUS"]
[BlackTeamCountry "ITA"]

1. e4 e6 2. d4 d5 3. e5 c5 4. c3 Nc6 5. Nf3 Qb6 6. Qc2 cxd4 7. cxd4 Nxd4 8. Nxd4 Qxd4 9. Qc7 Bd7 10. Bb5 Bxb5 11. Nc3 Bb4 12. Bd2 Bxc3 13. Qxc3 Qe4+ 14. Qe3 Qxe3+ 15. Bxe3 Ne7 16. Bc5 b6 17. Ba3 Nc6 18. Bd6 Kd7 19. a4 Bc4 20. Ra3 Rac8 21. Rc3 Nb4 22. Bxb4 a5 23. Bd6 d4 24. Rc1 Rc6 25. b3 Ba6 26. Rxc6 Kxc6 27. Kd2 Rc8 28. Rc1+ Kd5 29. Rxc8 Bxc8 30. f3 Ba6 31. h4 f6 32. exf6 gxf6 33. Bc7 Bf1 34. g3 Kc5 35. g4 e5 36. Bd8 Bg2 37. Ke2 Bxf3+ 38. Kxf3 1-0

[Event "IECC KO-1079"]
[White "Rodriguez, Francisco"]
[Black "Caprioli, Vincenzo"]
[Site "IECC email"]
[Round "?"]
[Result "1-0"]
[Date "2010.01.20"]
[WhiteElo "1116"]
[BlackElo "963"]
[PlyCount "53"]
[EventDate "2010.??.??"]
[EventType "match (corr)"]
[EventRounds "2"]
[SourceTitle "Corr 2013"]
[Source "ChessBase"]
[SourceDate "2012.11.12"]
[SourceVersion "1"]
[SourceVersionDate "2012.11.12"]
[SourceQuality "1"]
[WhiteTeam "Spanien"]
[BlackTeam "Italy"]
[WhiteTeamCountry "ESP"]
[BlackTeamCountry "ITA"]

1. d4 Nf6 2. c4 g6 3. Nc3 Bg7 4. e4 d6 5. Nf3 0-0 6. Be2 e5 7. 0-0 Nc6 8. Be3 exd4 9. Bxd4 Nxd4 10. Nxd4 Re8 11. Bd3 Bg4 12. f3 Bd7 13. Nb3 c6 14. Re1 Be6 15. Ne2 d5 16. e5 Nh5 17. Ned4 dxc4 18. Nxe6 Rxe6 19. Bxc4 Rxe5 20. Qc2 Qb6+ 21. Kf1 Rae8 22. a4 Kf8 23. Red1 Qc7 24. Qf2 b6 25. f4 Re1+ 26. Rxe1 Rxe1+ 27. Rxe1 1-0

[Event "IECC CL8-2009.06 email"]
[White "Ballueder, Volker"]
[Black "Caprioli, Vincenzo"]
[Site "IECC email"]
[Round "?"]
[Result "1-0"]
[Date "2009.11.26"]
[WhiteElo "864"]
[BlackElo "984"]
[PlyCount "81"]
[EventDate "2009.??.??"]
[EventType "tourn (corr)"]
[EventRounds "4"]
[SourceTitle "Telechess CBM 149"]
[Source "ChessBase"]
[SourceDate "2012.07.17"]
[SourceVersion "1"]
[SourceVersionDate "2012.07.17"]
[SourceQuality "1"]
[WhiteTeam "England"]
[BlackTeam "Italy"]
[WhiteTeamCountry "ENG"]
[BlackTeamCountry "ITA"]

1. d4 Nf6 2. Nf3 e6 3. Nc3 d5 4. Ne5 c5 5. e3 Nc6 6. Bb5 Bd7 7. Nxd7 Qxd7 8. dxc5 Bxc5 9. 0-0 0-0 10. h3 Rac8 11. a3 a6 12. Bxc6 Rxc6 13. b4 Bd6 14. Bb2 Rfc8 15. Qd4 Be7 16. Rad1 Rc4 17. Qe5 Bd6 18. Qg5 Be7 19. e4 Ne8 20. Qg3 Bf6 21. exd5 Rxc3 22. Bxc3 Rxc3 23. Rd3 Rxc2 24. Rfd1 e5 25. f4 Qd6 26. Qe3 Rc8 27. fxe5 Bxe5 28. Rc1 Rxc1+ 29. Qxc1 Kf8 30. Qe3 Nf6 31. Qa7 b6 32. Qxa6 Nxd5 33. Qa8+ Ke7 34. Rxd5 Qb8 35. Qxb8 Bxb8 36. Rb5 Bc7 37. a4 f6 38. a5 bxa5 39. bxa5 Kd6 40. a6 Kc6 41. a7 1-0